| 000 | 00616nam a2200205 a 4500 | ||
|---|---|---|---|
| 001 | 000042890 | ||
| 005 | 20201002040457.0 | ||
| 008 | 140212s1981 sp 000 0 spa d | ||
| 020 | _a8402085407 | ||
| 040 |
_aDO-SdBNP _bspa _cBNPHU |
||
| 041 | 1 | 7 |
_aspa _heng |
| 082 |
_axxx _bxxx |
||
| 245 | 0 | 0 |
_aEl Castillo de Otranto / _cHorace Walpole ; traducción Julio Roca Baena. |
| 260 |
_aBarcelona : _bBruguera, _c1981. |
||
| 300 |
_a192 p. ; _c18 cm. |
||
| 490 | 1 |
_aLibro amigo Bruguera _v899 |
|
| 534 | _aThe castle of otranto | ||
| 700 | 1 | 2 |
_aRoca Baena, Julio _etr. _970332 |
| 830 | 0 |
_aLibro amigo Bruguera _n899 _970333 |
|
| 999 |
_c42379 _d42379 |
||